Trouve le chiffre Romain (partie 1) - Statistiques

Statistiques générales
  • Ce quiz a été pris 102 fois
    69 depuis la dernière actualisation
  • Le résultat moyen est 14 sur 15
Statistiques - réponses
Hint Réponse % Correct
I 1
98%
III 3
98%
V 5
98%
VII 7
98%
XIV 14
96%
VI 6
94%
X 10
93%
XII 12
93%
II 2
93%
VIII 8
93%
IX 9
93%
XIII 13
91%
XV 15
91%
IV 4
89%
XI 11
85%
Aucun quiz correspondant
Distribution des résultats
% des personnes avec chaque résultat
Percentile par nombre de réponses
Votre historique - résultats
Vous n’avez pas pris ce quiz depuis la dernière actualisation